Za svoj debut Sad zimných vtákov ste získali ...

Bibliographic Details
Main Authors: Bíziková, Margita (Author, Interviewer), Peteraj, Kamil, 1945- (Author)
Format: Article
Language:Slovak
PhysicalDescription:Fotogr.
ISSN:1210-1982
Subjects:

MARC

LEADER 00000nab a2200000 ar4500
001 vtls008954069
003 SK-MaSNL
005 20260303070306.0
008 070312c2007 xo er|p|||||||000 b|slo
015 |a SNBRB2007/03  |2 snkbucl 
038 |a SNKBUCL 
040 |a SNKBUCL  |b slo  |c SNKBUCL  |e AACR2 
041 0 |a slo 
044 |a xo  |c SK 
080 |a 82:929:821.162.4  |2 1997 
080 |a 821.162.4:929  |2 1997 
100 1 |a Bíziková, Margita  |4 ivr  |4 aut  |9 337442 
245 1 0 |a Za svoj debut Sad zimných vtákov ste získali ...  |c Margita Bíziková, Kamil Peteraj 
300 |b Fotogr. 
600 1 7 |a Peteraj, Kamil,  |d 1945-  |2 snkbucl  |9 198049 
655 7 |a rozhovory  |2 snkbucl  |9 31831 
700 1 |a Peteraj, Kamil,  |d 1945-  |4 ive  |4 aut  |9 198049 
773 0 |t Knižná revue  |g Roč. XVII, č. 5 (2007), s. 4  |x 1210-1982 
852 |a SNK  |b KIS3GCP 
958 |a LX 
958 |a SK 
999 |c 1754731  |d 1756661